| 000 | 00434nam a22001457a 4500 | ||
|---|---|---|---|
| 008 | 240520b |||||||| |||| 00| 0 eng d | ||
| 020 | _a978-9966-012-142 | ||
| 100 | _aGATHOGO, J.N. | ||
| 245 | _aMENTOR BUSINESS STUDIES GRADE 7: LEARNER'S BOOK | ||
| 260 |
_aNAIROBI _bMENTOR PUBLISHING CO. LTD _c2022 |
||
| 300 | _aII, 134P. | ||
| 650 | _aBUSINESS STUDIES-STUDY AND TEACHING (SECONDARY) | ||
| 700 | _aMBURU, N. | ||
| 942 |
_2lcc _cBK |
||
| 999 |
_c210134 _d210134 |
||